| 000 | 00714nam a2200205Ia 4500 | ||
|---|---|---|---|
| 001 | 8331 | ||
| 003 | GE_BSU | ||
| 008 | 181216s||||||||xx |||||||||||||| ||und|| | ||
| 040 | _cGE_BSU | ||
| 245 | _aМолекулярная генетика микробиология и вирусология. №4. 2013. | ||
| 245 | _cГл. ред. С.В.Костров. и др. | ||
| 260 | _aМосква. | ||
| 260 | _bИздателство медицина. | ||
| 260 | _c2013 | ||
| 300 | _a40ст.28см. | ||
| 653 | _aМолекулярная генетика микробиология и вирусология. №4. 2013. | ||
| 653 | _aПериодика | ||
| 653 | _aპერიოდიკა | ||
| 942 | _cCR | ||
| 999 |
_c41658 _d41658 |
||